Представление документа в формате RUSMARC

ПолеНазваниеЗначение
  Тип записи a
  Библиографический уровень m
001 Контрольный номер UONB/MAIN/0b5ea670850846f9860d9c4e6d3ae685
005 Дата корректировки 20260403162508.8
010 Индекс ISBN __
d Цена 64 к.
9 Тираж 7000 экз.
b Уточнения в пер.
100 Данные общей обработки __
a Данные общей обработки 20260403d1976 u y0rusy0189 ca
101 Язык документа 0_
a Язык текста rus
102 Страна публикации __
a Страна публикации RU
105 Кодированные данные (монография) __
a Кодированные данные (монография) y z 001yy
200 Заглавие и сведения об ответственности 1_
a Заглавие Регулирование и использование местного стока
f Первые сведения об ответственности И. П. Сухарев
203 Вид содержания и тип средства __
a Вид содержания Текст
b Характеристика содержания визуальный
c Тип средства непосредственный
205 Сведения об издании __
a Основные сведения об издании Изд. 2-е, перераб. и доп.
210 Выходные данные 1_
a Место издания Москва
c Издательство Колос
d Дата издания 1976
215 Физическое описание __
a Объем 271 с.
d Формат 20 см
320 Библиография __
a Библиография Библиогр.: с. 270-271
606 Тематические рубрики 0_
a Основная рубрика Сток поверхностный
x Основная подрубрика Регулирование
606 Тематические рубрики 0_
a Основная рубрика Орошение сточными водами
y Географическая подрубрика Центрально-Черноземные области РСФСР
610 Ключевые слова 0_
a Ключевые слова сток поверхностный; орошение сточными водами
686 Индексы других классификаций __
a Классификационный индекс 40.623.58
2 Код системы rubbk
700 Автор _1
a Фамилия Сухарев
b Имя (инициалы) И. П.
g Полное личное имя Иван Петрович
801 Источник записи _0
a Страна RU
b Организация Ульяновская ОНБ
c Дата составления 20260403
g Правила каталогизации RCR
801 Источник записи _1
a Страна RU
b Организация Ульяновская ОНБ
c Дата составления 20260403
g Правила каталогизации RCR
901 Тип документа __
t Тип документа m
909 Создатель записи __
a Создатель записи Моргунова
b Дата создания записи 20260403